| 000 | 00682cab a2200193 4500 | ||
|---|---|---|---|
| 001 | WB2626-55 | ||
| 008 | 090401t1990 xxu||||| |||| 00| 0 eng d | ||
| 035 | _a(Sirsi) u3467 | ||
| 041 | _aeng | ||
| 245 | _aTechnical aid for rural England | ||
| 260 | _c1990 | ||
| 350 | _a0 | ||
| 490 |
_aArchitects` Journal _vvol 192 no 1 4/7/90 p12 |
||
| 520 | _aLooks at attempts by local community organisations in rural areas to develop local technical aid centres with charity status. Gloucestershire`s pilot scheme, whose technical-aid officer is a building surveyor , is described. | ||
| 650 | _aCOMMUNITY ARCHITECTURE | ||
| 690 | _aRURAL PRACTICE | ||
| 942 | _n0 | ||
| 948 | _c04/03/1997 | ||
| 999 |
_c2131 _d2131 |
||